Fr. Conceicao Rodrigues College of Engineering

Mastering Page Maker 6 For Win - 95 (Record no. 29199)

MARC details
000 -LEADER
fixed length control field 00352nam a2200145Ia 4500
082 ## - DEWEY DECIMAL CLASSIFICATION NUMBER
Classification number 5.1
100 ## - MAIN ENTRY--PERSONAL NAME
Personal name Altman/ Rebecca Bridges
245 ## - TITLE STATEMENT
Title Mastering Page Maker 6 For Win - 95
260 ## - PUBLICATION, DISTRIBUTION, ETC.
Name of publisher, distributor, etc. B.P.B.Publishers
Place of publication, distribution, etc. New Delhi
Date of publication, distribution, etc. 1996
366 ## - TRADE AVAILABILITY INFORMATION
Publishers's discount category 10
300 ## - PHYSICAL DESCRIPTION
Extent 785
546 ## - LANGUAGE NOTE
Language note ENGLISH
654 ## - SUBJECT ADDED ENTRY--FACETED TOPICAL TERMS
Focus term Mastering Page Maker 6 For Win - 95
942 ## - ADDED ENTRY ELEMENTS (KOHA)
Koha item type BOOK
Holdings
Withdrawn status Lost status Damaged status Not for loan Collection Home library Current library Shelving location Date acquired Source of acquisition Cost, normal purchase price Inventory number Total Checkouts Full call number Barcode Date last seen Cost, replacement price Price effective from Koha item type
        AFT Fr. Agnel's C.Rodrigues College of Engineering Fr. Agnel's C.Rodrigues College of Engineering   17/03/2023 U.B.D. 359.10 4675/11/10/2001   5.1 AFT7569 17/03/2023 399.00   BOOK
        AFT Fr. Agnel's C.Rodrigues College of Engineering Fr. Agnel's C.Rodrigues College of Engineering   17/03/2023 U.B.D. 359.10 4675/11/10/2001   5.1 AFT7570 17/03/2023 399.00   BOOK